000 00355nam a2200145Ia 4500
008 191201s2004 xx 000 0 und d
082 _a621.38
_bHOA
100 _aHOROWITZ, Paul
245 4 _aThe Art of Electronics
250 _a2nd
260 _aN.Delhi
_bCambridge University Press
_c2004
300 _a1125
650 _aB.Tech(ECE)
942 _2ddc
_cBK
999 _c1745
_d1745